02159cam a22004095a 4500999001700000001000900017005001700026008004100043010001700084015001900101016001800120020002700138020001900165035002300184040006200207082001700269100002500286245002800311250001200339260006100351300002600412490001400438504006600452505037500518520020100893650003201094650003501126651001001161653002401171655002401195856007801219856009101297942000801388952012301396952011501519952011501634 c26910d268821356503820201128024357.0040420s2005 enk frb 001 0 eng d a 2004008423 aGBA4X15912bnb7 a0128794442Uk a0415338689 (softcover) a9780415338684  a(OCoLC)ocm55019381 aDLCbengcDLCdYDXdUKMdMUQdBAKERdNLGGCdDLCdEG-ScBUE04a306bJEN2221 aJenks, Chris.94184610aCulture /cChris Jenks. a2nd ed. aOxon ;aNew York :bRoutledge / Taylor & Francis,c2005. axii, 234 p. ;c21 cm.0 aKey ideas aIncludes bibliographical references (p. [214]-224) and index.0 aThe origins of the concept of culture in philosophy and the literary tradition -- The relation between culture and social structure -- Culture, idealism and social action -- Culture, Marxism and materialism -- Cultural stratification -- Cultural reproduction -- Subculture -- Visual culture -- Urban culture -- Culture and postmodernism -- Cultural studies : what is it? aCulture provides a comprehensive introduction to one of the buzz words of today. It argues that we must locate it within traditions of thought and not treat it as a modern invention or discovery.  7aCulturexPhilosophy.2BUEsh 7aSocial structure.2BUEsh91542 2BUEsh bCOMAMEcOctober2018 vReading book934232413Table of contentsuhttp://www.loc.gov/catdir/toc/ecip0417/2004008423.html423Publisher descriptionuhttp://www.loc.gov/catdir/enhancements/fy0651/2004008423-d.html 2ddc 00102ddc40708BaccahaMAINbMAINc1STd2018-10-30ePurchaseg620.00l0o306 JENp000043693r2021-08-18 00:00:00yNB 00102ddc40708BaccahaMAINbMAINc1STd2018-10-30ePurchasel0o306 JENp000043694r2021-08-18 00:00:00yBB 00102ddc40708BaccahaMAINbMAINc1STd2018-10-30ePurchasel0o306 JENp000043695r2021-08-18 00:00:00yBB